000 00778nab a2200241 u 4500
001 11062
003 HDC
007 cr bn ---aaaaa
008 210206c mydr|nes 0 a may d
040 _aHDC
245 0 _aTips Memilih Daging Ayam Segar dari Carrefour
260 _a[no place] :
_b[publisher not identified],
_c[no year]
336 _atext
_2rdacontent
337 _acomputer
_2rdamedia
338 _aonline resource
_2rdacarrier
650 _aHypermarket
_99936
650 _aSupermarket
_99240
710 _aLewatMana.com
856 _zRequest full-text at [email protected]
942 _2lcc
942 _cNEWS
942 _kNWSO 000300
999 _c8385
_d8385